| 000 | 00994cam a22002775a 4500 | ||
|---|---|---|---|
| 001 | 016913669 | ||
| 003 | OSt | ||
| 005 | 20150928145826.0 | ||
| 008 | 141015s2015 enk frb 000 0 eng d | ||
| 020 | _a9781784530624 (pbk.) | ||
| 020 | _z9780857737410 (e) | ||
| 040 |
_aStDuBDS _beng _cStDuBDS _dUkCU _dEG-ScBUE |
||
| 082 | 0 | 4 |
_a302.23 _bLLO _222 |
| 100 | 1 |
_aLloyd, John, _d1946- _938377 |
|
| 245 | 1 | 0 |
_aJournalism and PR : _bnews media and public relations in the digital age / _cJohn Lloyd and Laura Toogood. |
| 260 |
_aLondon ; _aNew York : _bI.B.Tauris & Co. Ltd in association : _bUniversity of Oxford, Reuters instittute for the study of journalism, _c2015. |
||
| 300 |
_axi, 138 p. ; _c22 cm. |
||
| 490 | 0 | _aChallenges | |
| 504 | _aBbibliography : p. 137-138. | ||
| 650 | 0 |
_aJournalism and public relations. _2BUEsh |
|
| 650 | 0 |
_aMass media and public opinion. _2BUEsh |
|
| 651 | _2BUEsh | ||
| 653 |
_bCOMAME _cJune2015 _cAugust2015 |
||
| 700 | 1 | _aToogood, Laura. | |
| 942 | _k302.23 LLO | ||
| 999 |
_c19724 _d19696 |
||